Normal view
MARC view
Entry Personal Name
001 - CONTROL NUMBER
- control field: 864147
003 - CONTROL NUMBER IDENTIFIER
- control field: OSt
005 - DATE AND TIME OF LATEST TRANSACTION
- control field: 20260113123654.0
008 - FIXED-LENGTH DATA ELEMENTS
- fixed length control field: 260113|| aca||aabn | a|a d
040 ## - CATALOGING SOURCE
- Original cataloging agency: OSt
- Transcribing agency: OSt
100 ## - HEADING--PERSONAL NAME
- Personal name: पांडे, लक्ष्मीकांत
670 ## - SOURCE DATA FOUND
- Source citation: Work cat.: (OSt)1467580: पांडे, लक्ष्मीकांत , हिन्दी का इतिहास , 1991.
